000 00896nam a22002897a 4500
001 00006372
003 DO-SdBPM
005 20251030122907.0
007 00006372
008 160603b2006 xx || 00| 0 spa d
020 _a1883012465
040 _aDO-SdBPM
_bspa
_cBPMSU
_erda
041 1 7 _aspa
_heng
082 4 _a222.16
_bS545d 2003
_222
100 1 _aShelton, Danny
_eautora
245 1 0 _aLos diez mandamientos :
_bdos veces eliminados /
_cDanny Shelton, Shelley J Quinn ; traducido al castellano Wilfredo Toro.
260 _c
264 _aEstados Unidos :
_bRemnant Publications,
_c2006
300 _a126 p. ;
_c22 cm.
590 _aInventariado, 2025/VM
650 7 _aMandamientos de Dios.
650 7 _aÉtica cristiana
700 1 _aQuinn, Shelley J.
_eautora
700 1 _aToro, Wilfredo,
_etraductor
910 _aVMateo V. Control de calidad. BPMSU
942 _2ddc
_cBK
999 _c10268
_d10268